000 01081cam a22003377a 4500
003 CHAP
005 20220817042815.0
008 971013s1964 r 00010 d
010 _a56272
011 _a57244
035 _a61398
040 _cCHAP
082 _a547.072
_bS4 1964
100 0 0 _aShriner, Ralph L.
245 1 4 _aThe systematic identification of organic compounds
_b: a laboratory manual
250 _a5 ed.
260 _aNew York :
_bWiley,
_c1964
300 _a458 p.
_b: ilus.
490 0 _aWiley international edition
590 _aBATCH-UPD
_b10
_c20130110
_lUCH01
_h0117
590 _aBATCH-UPD
_b10
_c20130110
_lUCH01
_h0643
590 _aBATCH-UPD
_b10
_c20130410
_lUCH01
_h1056
590 _aBATCH-UPD
_b10
_c20130914
_lUCH01
_h1452
590 _aCONVERSION
_b10
_c20130109
_lUCH01
_h1330
650 1 4 _aQuímica orgánica
_xManuales de laboratorio.
_993601
700 0 _aFuson, Reynold C.
_944107
830 0 _aWiley international edition
_9121936
901 _aBK
942 _cLIBRO
949 _a547.072 S4 1964
_bBC
_cLIBRO
_d33724000447801
_eLIBRO
_i61398
_si
999 _c56272
_d56272